Представление документа в формате MARC21

Поле Инд. ПП Название Значение
Тип записи a
Библиографический уровень m
001 Контрольный номер 1fc5f79459c24edab9fb3de8a7233e33
005 Дата корректировки 20210226153438.0
008 Кодируемые данные 210211|||||||||ru |||||||||||||||||rus||
020 00 a ISBN 978-92-61-19124-5
084 a Индекс другой классификации/Индекс ББК 39.478.24+67.911
090 00 a Полочн. индекс 39.478
x Авторский знак Р 32
203 a Вид содержания Текст
c Тип средства непосредственное
245 00 a Заглавие Регламент радиосвязи. Т. 2. Приложения
c Ответственность Международный союз электросвязи
260 00 a Место издания Женева
b Издательство [б. и.]
c Дата издания 2016
300 00 a Объем IX, 799 с.
650 _4 a Основная рубрика Радиосвязь на морском транспорте-Нормативные документы
653 00 a Ключевые слова Безопасность мореплавания
a Ключевые слова Международные резолюции по радиосвязи
a Ключевые слова Международный союз электросвязи
a Ключевые слова Морская спутниковая радиосвязь
a Ключевые слова Радиовещательная спутниковая служба
a Ключевые слова Радиосвязь судовая
a Ключевые слова Радиостанции
a Ключевые слова Радиотелеграфия Морзе
a Ключевые слова Регламент радиосвязи
900 a Имя макрообъекта Регламент радиосвязи. Т. 2. Приложения
901 t Тип документа m